[Event "DEM U10w 2022"]
[Site "Willingen GER"]
[Date "2022.06.05"]
[Round "2"]
[White "Mersmann, Jasmin"]
[Black "Kovalskyy, Alicia"]
[Result "0-1"]
[Termination "normal"]
[Board "1"]
[WhiteElo "1099"]
[BlackElo "1499"]
[WhiteClock "00:54:02"]
[BlackClock "00:18:52"]
[PlyCount "84"]
[WhiteFideId "34630287"]
[BlackFideId "34612130"]
[EventCountry "GER"]
[EventRounds "11"]
[EventType "swiss"]
[EventDate "2022.06.04"]

1. e4 {[%clk 01:15:56]} {[%emt 00:00:03]} e5 {[%clk 01:15:56]} {[%emt
00:00:04]} 2. Nc3 {[%clk 01:16:07]} {[%emt 00:00:19]} Nf6 {[%clk 01:16:03]}
{[%emt 00:00:23]} 3. f4 {[%clk 01:16:26]} {[%emt 00:00:11]} d6 {[%clk
01:12:17]} {[%emt 00:04:16]} 4. Nf3 {[%clk 01:16:16]} {[%emt 00:00:40]} exf4
{[%clk 01:00:55]} {[%emt 00:11:52]} 5. d3 {[%clk 01:16:24]} {[%emt 00:00:22]}
c6 {[%clk 00:53:49]} {[%emt 00:07:37]} 6. Bxf4 {[%clk 01:15:50]} {[%emt
00:01:03]} Qb6 {[%clk 00:53:58]} {[%emt 00:00:21]} 7. Rb1 {[%emt 00:02:39]} Be6
{[%clk 00:47:50]} {[%emt 00:05:17]} 8. Qd2 {[%clk 01:14:00]} {[%emt 00:01:32]}
d5 {[%clk 00:44:24]} {[%emt 00:03:56]} 9. Be3 {[%clk 01:13:08]} {[%emt
00:01:22]} Qc7 {[%clk 00:42:27]} {[%emt 00:02:28]} 10. Bf4 {[%clk 01:12:40]}
{[%emt 00:00:57]} Qd8 {[%clk 00:40:42]} {[%emt 00:02:14]} 11. e5 {[%clk
01:10:13]} {[%emt 00:02:59]} Nfd7 {[%clk 00:39:11]} {[%emt 00:02:01]} 12. d4
{[%clk 01:10:13]} {[%emt 00:00:29]} c5 {[%clk 00:37:25]} {[%emt 00:02:16]} 13.
Be2 {[%clk 01:09:10]} {[%emt 00:01:33]} cxd4 {[%clk 00:37:42]} {[%emt
00:00:14]} 14. Qxd4 {[%clk 01:08:46]} {[%emt 00:00:53]} Nc6 {[%clk 00:36:43]}
{[%emt 00:01:29]} 15. Qd2 {[%clk 01:07:48]} {[%emt 00:01:27]} Bb4 {[%clk
00:35:37]} {[%emt 00:01:35]} 16. O-O {[%clk 01:06:19]} {[%emt 00:02:00]} d4
{[%clk 00:35:22]} {[%emt 00:00:46]} 17. Nxd4 {[%clk 01:06:08]} {[%emt
00:00:38]} Nxd4 {[%clk 00:35:22]} {[%emt 00:00:32]} 18. Qxd4 {[%clk 01:05:57]}
{[%emt 00:00:40]} Bc5 {[%clk 00:35:48]} {[%emt 00:00:06]} 19. Qf2 {[%clk
01:03:26]} {[%emt 00:03:00]} Bxf2+ {[%clk 00:36:06]} {[%emt 00:00:12]} 20. Rxf2
{[%clk 01:03:51]} {[%emt 00:00:05]} Qb6 {[%clk 00:36:06]} {[%emt 00:00:28]} 21.
Nb5 {[%clk 01:03:00]} {[%emt 00:01:23]} O-O {[%clk 00:35:45]} {[%emt 00:00:51]}
22. Rd1 {[%clk 01:02:23]} {[%emt 00:01:07]} Rac8 {[%clk 00:32:58]} {[%emt
00:03:17]} 23. c3 {[%clk 01:01:38]} {[%emt 00:01:15]} Bc4 {[%clk 00:31:33]}
{[%emt 00:01:54]} 24. Bxc4 {[%clk 01:01:22]} {[%emt 00:00:46]} Rxc4 {[%clk
00:31:25]} {[%emt 00:00:37]} 25. Nd4 {[%clk 00:59:55]} {[%emt 00:01:59]} Re8
{[%clk 00:30:10]} {[%emt 00:01:44]} 26. Re1 {[%clk 00:59:52]} {[%emt 00:00:33]}
Qc5 {[%clk 00:24:26]} {[%emt 00:06:18]} 27. Rfe2 {[%clk 00:58:03]} {[%emt
00:02:29]} Ra4 {[%clk 00:22:19]} {[%emt 00:02:37]} 28. a3 {[%clk 00:58:11]}
{[%emt 00:00:23]} Ra6 {[%clk 00:22:15]} {[%emt 00:00:29]} 29. Kh1 {[%clk
00:58:13]} {[%emt 00:00:31]} Rg6 {[%clk 00:21:43]} {[%emt 00:01:02]} 30. Rf1
{[%clk 00:56:51]} {[%emt 00:01:52]} Nxe5 {[%emt 00:02:15]} 31. Bxe5 {[%clk
00:55:50]} {[%emt 00:01:20]} Rxe5 {[%clk 00:20:18]} {[%emt 00:00:22]} 32. Rxe5
{[%clk 00:55:53]} {[%emt 00:00:26]} Qxe5 {[%clk 00:20:35]} {[%emt 00:00:14]}
33. h3 {[%clk 00:56:05]} {[%emt 00:00:18]} Rf6 {[%clk 00:20:40]} {[%emt
00:00:25]} 34. Nf3 {[%emt 00:01:07]} Qb5 {[%clk 00:20:35]} {[%emt 00:00:09]}
35. Re1 {[%clk 00:55:54]} {[%emt 00:00:29]} h6 {[%clk 00:20:36]} {[%emt
00:00:30]} 36. Rb1 {[%clk 00:55:23]} {[%emt 00:01:01]} Qd3 {[%clk 00:20:39]}
{[%emt 00:00:24]} 37. Re1 {[%clk 00:55:00]} {[%emt 00:00:56]} Re6 {[%clk
00:20:25]} {[%emt 00:00:43]} 38. Rg1 {[%clk 00:54:45]} {[%emt 00:00:42]} g5
{[%clk 00:20:02]} {[%emt 00:00:56]} 39. Nd4 {[%clk 00:54:33]} {[%emt 00:00:43]}
Re3 {[%clk 00:20:06]} {[%emt 00:00:24]} 40. Nf3 {[%clk 00:53:54]} {[%emt
00:01:11]} f5 {[%clk 00:18:51]} {[%emt 00:01:44]} 41. Ne1 {[%clk 00:53:48]}
{[%emt 00:00:36]} Rxh3+ {[%clk 00:18:52]} {[%emt 00:00:29]} 42. gxh3 {[%clk
00:54:02]} {[%emt 00:00:15]} Qxh3# {[%emt 00:00:24]} 0-1

[Event "DEM U10w 2022"]
[Site "Willingen GER"]
[Date "2022.06.05"]
[Round "2"]
[White "Yang, Sophie"]
[Black "Glotz, Katharina"]
[Result "1-0"]
[Termination "normal"]
[Board "2"]
[WhiteElo "1209"]
[BlackElo "1067"]
[WhiteClock "01:10:12"]
[BlackClock "00:58:00"]
[PlyCount "91"]
[WhiteFideId "16279174"]
[BlackFideId "34631011"]
[EventCountry "GER"]
[EventRounds "11"]
[EventType "swiss"]
[EventDate "2022.06.04"]

1. e4 {[%clk 01:15:57]} {[%emt 00:00:03]} c5 {[%clk 01:15:55]} {[%emt
00:00:04]} 2. Nf3 {[%clk 01:16:20]} {[%emt 00:00:08]} Nc6 {[%clk 01:16:10]}
{[%emt 00:00:15]} 3. d4 {[%clk 01:16:35]} {[%emt 00:00:15]} cxd4 {[%clk
01:16:32]} {[%emt 00:00:08]} 4. Nxd4 {[%clk 01:16:56]} {[%emt 00:00:09]} g6
{[%clk 01:16:52]} {[%emt 00:00:09]} 5. Nc3 {[%clk 01:17:16]} {[%emt 00:00:11]}
Bg7 {[%clk 01:17:15]} {[%emt 00:00:07]} 6. Nf3 {[%clk 01:17:00]} {[%emt
00:00:43]} Nf6 {[%clk 01:17:34]} {[%emt 00:00:13]} 7. Bc4 {[%clk 01:16:41]}
{[%emt 00:00:50]} O-O {[%clk 01:17:39]} {[%emt 00:00:25]} 8. O-O {[%clk
01:17:00]} {[%emt 00:00:11]} d6 {[%clk 01:17:47]} {[%emt 00:00:21]} 9. h3
{[%clk 01:17:12]} {[%emt 00:00:18]} Bd7 {[%clk 01:15:07]} {[%emt 00:03:11]} 10.
Be3 {[%clk 01:15:51]} {[%emt 00:01:49]} Rb8 {[%clk 01:09:31]} {[%emt 00:06:07]}
11. Bb3 {[%clk 01:15:34]} {[%emt 00:00:46]} b5 {[%clk 01:08:49]} {[%emt
00:01:13]} 12. Qd2 {[%clk 01:15:00]} {[%emt 00:01:00]} b4 {[%clk 01:09:04]}
{[%emt 00:00:19]} 13. Ne2 {[%clk 01:13:41]} {[%emt 00:01:50]} Nxe4 {[%clk
01:09:19]} {[%emt 00:00:14]} 14. Qc1 {[%clk 01:13:35]} {[%emt 00:00:36]} a5
{[%clk 01:08:23]} {[%emt 00:01:27]} 15. a4 {[%clk 01:12:12]} {[%emt 00:01:54]}
Nc5 {[%clk 01:07:57]} {[%emt 00:00:54]} 16. Bxc5 {[%clk 01:12:01]} {[%emt
00:00:42]} dxc5 {[%clk 01:08:16]} {[%emt 00:00:09]} 17. Rd1 {[%clk 01:12:04]}
{[%emt 00:00:27]} Qc7 {[%clk 01:06:39]} {[%emt 00:02:09]} 18. Rb1 {[%clk
01:12:07]} {[%emt 00:00:27]} Bf5 {[%clk 01:05:34]} {[%emt 00:01:33]} 19. Ng3
{[%clk 01:11:32]} {[%emt 00:01:05]} Ne5 {[%clk 01:02:43]} {[%emt 00:03:22]} 20.
Qe3 {[%clk 01:10:49]} {[%emt 00:01:13]} c4 {[%clk 01:02:01]} {[%emt 00:01:12]}
21. Nxf5 {[%clk 01:10:38]} {[%emt 00:00:33]} cxb3 {[%clk 01:01:26]} {[%emt
00:01:14]} 22. Nxg7 {[%emt 00:00:54]} Kxg7 {[%clk 01:01:11]} {[%emt 00:00:42]}
23. Qxe5+ {[%clk 01:10:05]} {[%emt 00:00:41]} Qxe5 {[%clk 01:01:32]} {[%emt
00:00:09]} 24. Nxe5 {[%clk 01:10:23]} {[%emt 00:00:13]} bxc2 {[%clk 01:01:52]}
{[%emt 00:00:10]} 25. Rbc1 {[%clk 01:07:47]} {[%emt 00:03:06]} cxd1=Q+ {[%emt
00:00:27]} 26. Rxd1 {[%clk 01:08:10]} {[%emt 00:00:05]} Rfd8 {[%clk 01:02:09]}
{[%emt 00:00:16]} 27. Rxd8 {[%clk 01:07:27]} {[%emt 00:01:15]} Rxd8 {[%clk
01:02:25]} {[%emt 00:00:13]} 28. Nf3 {[%clk 01:06:58]} {[%emt 00:00:59]} Rd1+
{[%clk 01:02:36]} {[%emt 00:00:18]} 29. Kh2 {[%clk 01:07:17]} {[%emt 00:00:13]}
Rb1 {[%clk 01:02:42]} {[%emt 00:00:22]} 30. Nd4 {[%clk 01:07:27]} {[%emt
00:00:21]} Rxb2 {[%clk 01:02:55]} {[%emt 00:00:18]} 31. Nc6 {[%clk 01:07:35]}
{[%emt 00:00:21]} Rxf2 {[%clk 01:03:07]} {[%emt 00:00:18]} 32. Nxa5 {[%clk
01:07:55]} {[%emt 00:00:11]} b3 {[%clk 01:03:24]} {[%emt 00:00:09]} 33. Nxb3
{[%clk 01:08:11]} {[%emt 00:00:18]} Ra2 {[%clk 01:03:33]} {[%emt 00:00:20]} 34.
Nc5 {[%clk 01:08:23]} {[%emt 00:00:18]} f5 {[%clk 01:03:30]} {[%emt 00:00:33]}
35. Kg1 {[%clk 01:08:35]} {[%emt 00:00:18]} Kf6 {[%emt 00:00:39]} 36. Nd7+
{[%clk 01:08:42]} Kf7 {[%clk 01:03:36]} {[%emt 00:00:36]} 37. Ne5+ {[%clk
01:09:04]} {[%emt 00:00:10]} Ke6 {[%clk 01:03:50]} {[%emt 00:00:16]} 38. Nd3
{[%clk 01:08:26]} {[%emt 00:01:08]} Kd5 {[%clk 01:03:20]} {[%emt 00:00:58]} 39.
Nb4+ {[%clk 01:08:46]} {[%emt 00:00:11]} Kc4 {[%clk 01:03:07]} {[%emt
00:00:43]} 40. Nxa2 {[%clk 01:09:10]} {[%emt 00:00:07]} Kb3 {[%emt 00:00:51]}
41. a5 {[%emt 00:00:07]} e5 {[%clk 00:59:11]} {[%emt 00:03:26]} 42. a6 {[%clk
01:09:32]} {[%emt 00:00:10]} e4 {[%clk 00:59:20]} {[%emt 00:00:20]} 43. a7
{[%clk 01:09:57]} {[%emt 00:00:06]} Kxa2 {[%clk 00:59:30]} {[%emt 00:00:20]}
44. a8=Q+ {[%emt 00:00:10]} Kb3 {[%emt 00:00:08]} 45. Qc6 {[%clk 01:10:00]}
{[%emt 00:00:07]} g5 {[%clk 00:58:00]} {[%emt 00:02:01]} 46. Qe6+ {[%clk
01:10:12]} {[%emt 00:00:17]} 1-0

[Event "DEM U10w 2022"]
[Site "Willingen GER"]
[Date "2022.06.05"]
[Round "2"]
[White "Berger, Jennifer"]
[Black "Stiehler, Mara"]
[Result "0-1"]
[Termination "normal"]
[Board "3"]
[WhiteElo "1046"]
[BlackElo "1200"]
[WhiteClock "01:09:52"]
[BlackClock "01:06:20"]
[PlyCount "68"]
[WhiteFideId "34630074"]
[BlackFideId "34621199"]
[EventCountry "GER"]
[EventRounds "11"]
[EventType "swiss"]
[EventDate "2022.06.04"]

1. e4 {[%clk 01:15:55]} {[%emt 00:00:04]} e5 {[%clk 01:15:55]} {[%emt
00:00:05]} 2. Nf3 {[%clk 01:16:21]} {[%emt 00:00:04]} Nc6 {[%clk 01:16:18]}
{[%emt 00:00:07]} 3. d4 {[%clk 01:16:42]} {[%emt 00:00:09]} exd4 {[%clk
01:16:38]} {[%emt 00:00:10]} 4. Nxd4 {[%clk 01:17:03]} {[%emt 00:00:09]} Bc5
{[%clk 01:17:00]} {[%emt 00:00:08]} 5. Be3 {[%clk 01:17:19]} {[%emt 00:00:13]}
Qf6 {[%clk 01:17:20]} {[%emt 00:00:10]} 6. c3 {[%clk 01:17:29]} {[%emt
00:00:21]} Nge7 {[%clk 01:17:40]} {[%emt 00:00:10]} 7. Bc4 {[%clk 01:17:13]}
{[%emt 00:00:46]} Ne5 {[%clk 01:18:02]} {[%emt 00:00:08]} 8. b4 {[%clk
01:16:08]} {[%emt 00:01:36]} Bxb4 {[%clk 01:17:34]} {[%emt 00:00:57]} 9. cxb4
{[%clk 01:16:10]} {[%emt 00:00:28]} Nxc4 {[%clk 01:17:47]} {[%emt 00:00:18]}
10. Qd3 {[%clk 01:15:52]} {[%emt 00:00:47]} Nxe3 {[%clk 01:17:23]} {[%emt
00:00:53]} 11. Qxe3 {[%clk 01:16:07]} {[%emt 00:00:16]} Nc6 {[%clk 01:16:48]}
{[%emt 00:01:06]} 12. Nxc6 {[%clk 01:15:47]} {[%emt 00:00:49]} Qxa1 {[%clk
01:16:43]} {[%emt 00:00:35]} 13. O-O {[%clk 01:15:34]} {[%emt 00:00:43]} dxc6
{[%clk 01:16:16]} {[%emt 00:00:56]} 14. Nc3 {[%clk 01:15:48]} {[%emt 00:00:16]}
Qb2 {[%clk 01:16:14]} {[%emt 00:00:32]} 15. Qd4 {[%clk 01:16:01]} {[%emt
00:00:17]} O-O {[%clk 01:15:38]} {[%emt 00:01:07]} 16. Rd1 {[%clk 01:15:30]}
{[%emt 00:01:01]} Qa3 {[%clk 01:15:06]} {[%emt 00:01:02]} 17. Rd3 {[%clk
01:14:38]} {[%emt 00:01:23]} Qa6 {[%clk 01:14:45]} {[%emt 00:00:51]} 18. Rg3
{[%clk 01:14:30]} {[%emt 00:00:37]} g6 {[%clk 01:14:16]} {[%emt 00:00:59]} 19.
h4 {[%clk 01:14:51]} {[%emt 00:00:08]} h5 {[%clk 01:13:29]} {[%emt 00:01:18]}
20. e5 {[%clk 01:13:30]} {[%emt 00:01:51]} Be6 {[%clk 01:12:16]} {[%emt
00:01:43]} 21. Kh2 {[%clk 01:11:36]} {[%emt 00:02:24]} Bxa2 {[%clk 01:11:21]}
{[%emt 00:01:26]} 22. f4 {[%clk 01:11:52]} {[%emt 00:00:12]} Be6 {[%clk
01:11:05]} {[%emt 00:00:46]} 23. Rg5 {[%clk 01:11:44]} {[%emt 00:00:39]} Qc4
{[%clk 01:10:46]} {[%emt 00:00:50]} 24. Qe3 {[%clk 01:11:46]} {[%emt 00:00:26]}
Bf5 {[%clk 01:10:09]} {[%emt 00:01:08]} 25. g4 {[%clk 01:10:42]} {[%emt
00:01:34]} Bxg4 {[%clk 01:09:47]} {[%emt 00:00:51]} 26. Ne4 {[%clk 01:10:47]}
{[%emt 00:00:25]} Bf5 {[%clk 01:08:25]} {[%emt 00:01:52]} 27. Nf6+ {[%clk
01:10:37]} {[%emt 00:00:40]} Kh8 {[%clk 01:07:46]} {[%emt 00:01:09]} 28. Qg3
{[%clk 01:09:34]} {[%emt 00:01:34]} Qe2+ {[%clk 01:07:00]} {[%emt 00:01:16]}
29. Kg1 {[%clk 01:09:34]} {[%emt 00:00:30]} Rad8 {[%clk 01:05:47]} {[%emt
00:01:42]} 30. Kh1 {[%clk 01:09:02]} {[%emt 00:01:02]} Rd1+ {[%clk 01:05:45]}
{[%emt 00:00:31]} 31. Qg1 {[%clk 01:09:23]} {[%emt 00:00:09]} Rxg1+ {[%clk
01:05:51]} {[%emt 00:00:25]} 32. Rxg1 {[%clk 01:09:34]} {[%emt 00:00:19]} Qf3+
{[%clk 01:06:10]} {[%emt 00:00:12]} 33. Rg2 {[%clk 01:09:47]} {[%emt 00:00:16]}
Bh3 {[%clk 01:06:20]} {[%emt 00:00:20]} 34. Kg1 {[%clk 01:09:52]} {[%emt
00:00:26]} Qxg2# {[%emt 00:00:10]} 0-1

[Event "DEM U10w 2022"]
[Site "Willingen GER"]
[Date "2022.06.05"]
[Round "2"]
[White "Ramakrishnan, Veda"]
[Black "Lola, Georgia-Maria"]
[Result "1-0"]
[Termination "normal"]
[Board "4"]
[WhiteElo "1191"]
[BlackElo "1016"]
[WhiteClock "01:05:05"]
[BlackClock "01:25:58"]
[PlyCount "117"]
[WhiteFideId "16269519"]
[BlackFideId "34629335"]
[EventCountry "GER"]
[EventRounds "11"]
[EventType "swiss"]
[EventDate "2022.06.04"]

1. e4 {[%clk 01:15:59]} {[%emt 02:17:16]} e5 {[%clk 01:15:55]} {[%emt
00:00:05]} 2. Nf3 {[%clk 01:16:24]} {[%emt 00:00:04]} Nc6 {[%clk 01:16:16]}
{[%emt 00:00:09]} 3. Bc4 {[%clk 01:16:48]} {[%emt 00:00:07]} Nf6 {[%clk
01:16:33]} {[%emt 00:00:12]} 4. Ng5 {[%clk 01:17:03]} {[%emt 00:00:15]} Nxe4
{[%clk 01:16:08]} {[%emt 00:00:55]} 5. Bxf7+ {[%clk 01:17:01]} Ke7 {[%clk
01:16:26]} {[%emt 00:00:44]} 6. Nxe4 {[%clk 01:17:18]} Kxf7 {[%clk 01:16:47]}
{[%emt 00:00:23]} 7. Qf3+ {[%emt 00:01:26]} Kg8 8. d3 {[%clk 01:17:00]} Nd4
{[%clk 01:17:26]} {[%emt 00:00:12]} 9. Qd1 {[%clk 01:16:49]} {[%emt 00:00:39]}
d5 {[%clk 01:17:42]} {[%emt 00:00:16]} 10. Ng3 {[%clk 01:16:45]} {[%emt
00:00:26]} Nf5 {[%clk 01:17:46]} {[%emt 00:00:34]} 11. O-O {[%clk 01:16:25]}
{[%emt 00:00:50]} Bc5 {[%clk 01:17:53]} {[%emt 00:00:22]} 12. Re1 {[%clk
01:15:57]} {[%emt 00:00:57]} Nxg3 {[%clk 01:18:13]} {[%emt 00:00:11]} 13. hxg3
{[%clk 01:16:19]} {[%emt 00:00:08]} Qf8 {[%clk 01:18:18]} {[%emt 00:00:25]} 14.
Qf3 {[%clk 01:13:44]} {[%emt 00:02:57]} Qxf3 {[%clk 01:17:30]} {[%emt
00:01:27]} 15. gxf3 {[%clk 01:14:08]} {[%emt 00:00:06]} Bd6 {[%clk 01:17:43]}
{[%emt 00:00:17]} 16. Nc3 {[%clk 01:13:40]} {[%emt 00:00:58]} Bf5 {[%clk
01:17:54]} {[%emt 00:00:19]} 17. Bd2 {[%clk 01:13:48]} {[%emt 00:00:17]} Re8
{[%clk 01:18:19]} {[%emt 00:00:10]} 18. Nxd5 {[%clk 01:12:55]} {[%emt
00:01:21]} h5 {[%clk 01:18:32]} {[%emt 00:00:18]} 19. Bg5 {[%clk 01:12:31]}
{[%emt 00:00:51]} c6 {[%clk 01:18:38]} {[%emt 00:00:28]} 20. Ne3 {[%clk
01:12:00]} {[%emt 00:00:51]} g6 {[%clk 01:18:07]} {[%emt 00:01:10]} 21. Nc4
{[%clk 01:09:23]} {[%emt 00:03:08]} Be7 {[%clk 01:18:14]} {[%emt 00:00:22]} 22.
Rxe5 {[%clk 01:07:50]} {[%emt 00:02:03]} Kf7 {[%clk 01:18:32]} {[%emt
00:00:12]} 23. Rae1 {[%clk 01:06:32]} {[%emt 00:01:48]} Bxg5 {[%clk 01:18:47]}
{[%emt 00:00:15]} 24. Nd6+ {[%clk 01:06:52]} {[%emt 00:00:08]} Kg7 {[%clk
01:18:05]} {[%emt 00:01:15]} 25. Rxe8 {[%clk 01:06:45]} {[%emt 00:00:37]} Rxe8
{[%clk 01:18:25]} {[%emt 00:00:10]} 26. Rxe8 {[%clk 01:06:42]} {[%emt
00:00:33]} Bd7 {[%emt 00:02:15]} 27. Rb8 {[%clk 01:06:05]} {[%emt 00:00:24]} b6
{[%clk 01:17:33]} {[%emt 00:00:20]} 28. Rb7 {[%clk 01:06:17]} {[%emt 00:00:14]}
Bc1 {[%clk 01:17:16]} {[%emt 00:01:20]} 29. b3 {[%clk 01:04:22]} {[%emt
00:02:26]} Ba3 {[%clk 01:17:13]} {[%emt 00:00:31]} 30. Rxd7+ {[%clk 01:03:58]}
{[%emt 00:00:55]} Kh6 {[%clk 01:17:31]} {[%emt 00:00:11]} 31. f4 {[%clk
01:03:45]} {[%emt 00:00:43]} g5 {[%clk 01:17:50]} {[%emt 00:00:12]} 32. Nf7+
{[%clk 01:02:42]} {[%emt 00:01:29]} Kg6 {[%clk 01:18:14]} {[%emt 00:00:09]} 33.
Nxg5 {[%clk 01:03:02]} {[%emt 00:00:10]} a5 {[%clk 01:18:29]} {[%emt 00:00:17]}
34. Rc7 {[%clk 01:01:33]} {[%emt 00:01:55]} c5 {[%clk 01:18:39]} {[%emt
00:00:23]} 35. Rc6+ {[%clk 01:01:49]} {[%emt 00:00:10]} Kf5 {[%clk 01:18:50]}
{[%emt 00:00:23]} 36. Rxb6 {[%clk 01:01:26]} {[%emt 00:00:53]} Bb4 {[%clk
01:18:54]} {[%emt 00:00:26]} 37. Rb5 {[%clk 01:01:26]} {[%emt 00:00:29]} Kg4
{[%clk 01:19:12]} {[%emt 00:00:12]} 38. Kg2 {[%clk 01:01:20]} {[%emt 00:00:37]}
h4 {[%clk 01:19:21]} {[%emt 00:00:22]} 39. gxh4 {[%clk 01:00:46]} {[%emt
00:01:04]} Kxh4 {[%clk 01:19:39]} {[%emt 00:00:11]} 40. Ne6 {[%clk 01:01:09]}
{[%emt 00:00:06]} Kg4 {[%clk 01:19:58]} {[%emt 00:00:11]} 41. Nxc5 {[%clk
01:01:21]} {[%emt 00:00:12]} Kxf4 {[%clk 01:20:02]} {[%emt 00:00:32]} 42. Na6
{[%clk 01:01:32]} {[%emt 00:00:14]} Be1 {[%clk 01:20:21]} {[%emt 00:00:15]} 43.
c4 {[%clk 01:00:56]} {[%emt 00:01:02]} Bc3 {[%clk 01:20:26]} {[%emt 00:00:30]}
44. c5 {[%clk 01:00:59]} {[%emt 00:00:18]} Ke5 {[%clk 01:20:47]} {[%emt
00:00:17]} 45. c6+ {[%clk 01:01:15]} {[%emt 00:00:15]} Kd6 {[%clk 01:21:08]}
{[%emt 00:00:09]} 46. c7 {[%clk 01:01:35]} {[%emt 00:00:08]} Kd7 {[%clk
01:21:30]} {[%emt 00:00:11]} 47. Rd5+ {[%clk 01:01:43]} {[%emt 00:00:19]} Kc6
{[%clk 01:21:45]} {[%emt 00:00:17]} 48. c8=Q+ {[%clk 01:01:29]} {[%emt
00:00:44]} Kxd5 {[%clk 01:21:50]} {[%emt 00:00:26]} 49. Qxc3 {[%clk 01:01:48]}
{[%emt 00:00:08]} Kd6 {[%clk 01:22:16]} {[%emt 00:00:07]} 50. Qxa5 {[%clk
01:02:11]} {[%emt 00:00:07]} Kc6 {[%clk 01:22:36]} {[%emt 00:00:10]} 51. f4
{[%clk 01:02:37]} {[%emt 00:00:04]} Kd6 {[%clk 01:22:59]} {[%emt 00:00:07]} 52.
Qe5+ {[%clk 01:02:58]} {[%emt 00:00:07]} Kc6 {[%clk 01:23:21]} {[%emt
00:00:10]} 53. f5 {[%clk 01:03:20]} {[%emt 00:00:07]} Kb6 {[%clk 01:23:49]}
{[%emt 00:00:03]} 54. f6 {[%clk 01:03:45]} {[%emt 00:00:05]} Kxa6 {[%clk
01:24:14]} {[%emt 00:00:05]} 55. f7 {[%clk 01:04:10]} {[%emt 00:00:05]} Kb6
{[%clk 01:24:40]} {[%emt 00:00:04]} 56. f8=Q {[%clk 01:04:29]} {[%emt
00:00:08]} Kc6 {[%clk 01:25:09]} {[%emt 00:00:05]} 57. Qfd6+ {[%clk 01:04:42]}
{[%emt 00:00:16]} Kb7 {[%clk 01:25:32]} {[%emt 00:00:07]} 58. Qee7+ {[%clk
01:05:05]} {[%emt 00:00:06]} Ka8 {[%clk 01:25:58]} {[%emt 00:00:05]} 59. Qdd8#
{[%emt 00:00:06]} 1-0